Statystyki dla Stolice Europy - Quiz na mapie

Kliknij tutaj aby rozwiązać quiz!

Ogólne statystyki

  • Ten quiz został rozwiązany 37 razy
  • Średni wynik to 35 z 44

Odpowiedzi na mapie

Odpowiedzi skodowane kolorowo w zielono-czerwonej skali na mapie do tego quizu, zgodnie z poniższymi procentami.
 

Statystyki odpowiedzi

Odpowiedź% Poprawnych
Paryż
95%
Amsterdam
91%
Ateny
91%
Berlin
91%
Dublin
91%
Lizbona
91%
Londyn
91%
Madryt
91%
Moskwa
91%
Warszawa
91%
Helsinki
86%
Luksemburg
86%
Mińsk
86%
Praga
86%
Rzym | Watykan
86%
Tallinn
86%
Wilno
86%
Andora
82%
Budapeszt
82%
Bukareszt
82%
Kijów
82%
Monako
82%
Oslo
82%
San Marino
82%
Sztokholm
82%
Valletta
82%
Wiedeń
82%
Bruksela
77%
Kopenhaga
77%
Lublana
77%
Reykjavík
77%
Ryga
77%
Tirana
77%
Bratysława
73%
Prisztina
73%
Sarajewo
73%
Sofia
73%
Zagrzeb
73%
Berno
68%
Kiszyniów
68%
Vaduz
68%
Belgrad
59%
Podgorica
59%
Skopje
50%

Rozkład punktacji

Percentyl według liczby udzielonych odpowiedzi

Procent ludzi z każdym wynikiem

Twoja historia wyników

Nie rozwiązałeś tego quizu